| 000 | 00633nam 22001933 4500 | ||
|---|---|---|---|
| 001 | 202055 | ||
| 010 | _a972-637-106-6 | ||
| 021 |
_aPT _b195375/03 |
||
| 090 | _a202055 | ||
| 100 | _a20260506d u||y0pory50 ba | ||
| 200 |
_aAuto-photo biografia (não autorizada) _f(António ) Mário Viegas _gprefácio António d'Orey Capucho, Ana Clara Justino |
||
| 210 |
_aCascais _cCâmara Municipal Cascais _d2003 |
||
| 215 |
_a249 p. _cil. ; brochado _d42 cm |
||
| 606 |
_91250 _aBiografias |
||
| 675 |
_a929 _vPT _zpor |
||
| 700 |
_917249 _aViegas _bAntónio Mário Lopes Pereira _f1948-1996 |
||
| 801 |
_aPT _bBMMN _gRPC |
||
| 830 | _cVanda | ||
| 990 | _cLIVROS | ||